000
00312nam a2200145Ia 4500
005
20250423101043.0
008
250422s9999 xx 000 0 und d
020
_a
0871201127
245
0
_a
Supervision of teaching
260
_a
Virginia
260
_b
ASCD
260
_c
1982
300
_a
197 p
942
_c
BK
999
_c
35140
_d
35140